000 00511nam a22001695i 4500
001 158146
003 ES-MaACL
005 20230906211032.0
008 040824s1899 fr |||| | fre d
040 _aCAM
_bspa
_cCAM
100 1 _aLoti, Pierre.
_974298
245 1 0 _aMadame Chrysanthème /
_cpar Pierre Loti.
250 _a49e éd.
260 _aParis :
_bCalmann Lévy éditeur,
_c1899 (
_eCoulommiers :
_fImp. Paul Brodard)
300 _aIII, 304 p. ;
_c18 cm.
852 _aES-MaACL
_jB-53
_z-- Enc. hol.
999 _c158146
_d158146